Online katalóg knižníc regiónu Turca

Zbohom neznamená navždy (Record no. 22221)

MARC details
000 -LEADER
fixed length control field 01908cam a2200529 a 4500
001 - CONTROL NUMBER
control field 22221
003 - CONTROL NUMBER IDENTIFIER
control field VRT
005 - DATE AND TIME OF LATEST TRANSACTION
control field 20260323134519.0
008 - FIXED-LENGTH DATA ELEMENTS--GENERAL INFORMATION
fixed length control field 240709s1998 xo jr 000 fdslo
015 ## - NATIONAL BIBLIOGRAPHY NUMBER
National bibliography number SNBA1998/12-04385
020 ## - INTERNATIONAL STANDARD BOOK NUMBER
International Standard Book Number 8006008566
Qualifying information (viazané)
035 ## - SYSTEM CONTROL NUMBER
System control number SNK000293792
035 ## - SYSTEM CONTROL NUMBER
System control number urn:nbn:sk:snk-amk1vi
035 ## - SYSTEM CONTROL NUMBER
System control number urn:nbn:sk:snk-am0086bf
035 ## - SYSTEM CONTROL NUMBER
System control number D6DB1872-7A4C-4748-AC3F-381B279E4983
039 #9 - LEVEL OF BIBLIOGRAPHIC CONTROL AND CODING DETAIL [OBSOLETE]
Level of rules in bibliographic description 202408221501
Level of effort used to assign nonsubject heading access points msnk160
Level of effort used to assign subject headings 202408221500
Level of effort used to assign classification msnk160
Level of effort used to assign subject headings 202408221455
Level of effort used to assign classification msnk160
Level of effort used to assign subject headings 202408221452
Level of effort used to assign classification msnk160
040 ## - CATALOGING SOURCE
Original cataloging agency SNK
Language of cataloging slo
Transcribing agency SNK
Description conventions AACR2
041 1# - LANGUAGE CODE
Language code of text/sound track or separate title slo
Language code of original eng
044 ## - COUNTRY OF PUBLISHING/PRODUCING ENTITY CODE
MARC country code xo
ISO country code SK
072 #7 - SUBJECT CATEGORY CODE
Subject category code 821.111(73)-3
Subject category code subdivision Americká próza
Source konspekt
072 #7 - SUBJECT CATEGORY CODE
Subject category code 821-93
Subject category code subdivision Literatúra pre deti a mládež (beletria)
Source konspekt
080 ## - UNIVERSAL DECIMAL CLASSIFICATION NUMBER
Universal Decimal Classification number 821.111(73)-31
Edition identifier 2011
080 ## - UNIVERSAL DECIMAL CLASSIFICATION NUMBER
Universal Decimal Classification number 82-31
Edition identifier 2011
080 ## - UNIVERSAL DECIMAL CLASSIFICATION NUMBER
Universal Decimal Classification number 82-93-053.4/.5
Edition identifier 2011
080 ## - UNIVERSAL DECIMAL CLASSIFICATION NUMBER
Universal Decimal Classification number 821-311.1
Edition identifier 2011
100 1# - MAIN ENTRY--PERSONAL NAME
Personal name McDaniel, Lurlene,
Dates associated with a name 1944-
Relationship aut
240 10 - UNIFORM TITLE
Uniform title Goodbye doesn't mean forever
Language of a work Slovensky
245 10 - TITLE STATEMENT
Title Zbohom neznamená navždy
Statement of responsibility, etc. Lurlene McDanielová
250 ## - EDITION STATEMENT
Edition statement 1. vyd.
260 ## - PUBLICATION, DISTRIBUTION, ETC.
Place of publication, distribution, etc. Bratislava
Name of publisher, distributor, etc. Mladé letá
Date of publication, distribution, etc. 1998
300 ## - PHYSICAL DESCRIPTION
Extent 158 strán
Dimensions 21 cm
500 ## - GENERAL NOTE
General note Z anglického originálu preložila Oľga Kralovičová
500 ## - GENERAL NOTE
General note Obsahuje biografické údaje o autorke
521 1# - TARGET AUDIENCE NOTE
Target audience note Pre čitateľov od 13 rokov
655 #7 - INDEX TERM--GENRE/FORM
Genre/form data or focus term americké romány
Source of term SNKPH
655 #7 - INDEX TERM--GENRE/FORM
Genre/form data or focus term dievčenské romány
Source of term SNKPH
655 #7 - INDEX TERM--GENRE/FORM
Genre/form data or focus term literatúra pre deti a mládež
Source of term SNKPH
655 #7 - INDEX TERM--GENRE/FORM
Genre/form data or focus term psychologické romány
Source of term SNKPH
700 1# - ADDED ENTRY--PERSONAL NAME
Personal name Kralovičová, Oľga,
Dates associated with a name 1957-
Relationship trl
942 ## - ADDED ENTRY ELEMENTS (KOHA)
Source of classification or shelving scheme Dewey Decimal Classification
Koha item type Krásna literatúra pre dospelých
Suppress in OPAC No
949 ## - LOCAL PROCESSING INFORMATION (OCLC)
6 273K0028730
a svkpoA 172923
b svkpo430833
949 ## - LOCAL PROCESSING INFORMATION (OCLC)
6 270001000004706
a svkbbA 97102
p 619.576
949 ## - LOCAL PROCESSING INFORMATION (OCLC)
6 17A0158988
a snkSC 96551
b snkKSP 8205/98
s 6100:20140925
949 ## - LOCAL PROCESSING INFORMATION (OCLC)
6 17A0158987
a snkSC 96551 D1
b snkKSP 8206/98
Holdings
Stav vyradenia Strata Poškodenie Spôsob nadobudnutia Domovská knižnica Aktuálna knižnica Dátum nadobudnutia Total checkouts Čiarový kód exemplára Date last seen Typ exemplára
      Dar Obecná knižnica Turčianska Štiavnička Obecná knižnica Turčianska Štiavnička 23.03.2026   4738000678 23.03.2026 Krásna literatúra pre dospelých
Projekt je podporený Slovenskou asociáciou knižníc
Prevádzkuje Turčianska knižnica Martin 2026